| 000 -LEADER |
| fixed length control field |
00606pam a2200217 a 4500 |
| 001 - CONTROL NUMBER |
| control field |
2787182 |
| 005 - DATE AND TIME OF LATEST TRANSACTION |
| control field |
20180130033236.0 |
| 008 - FIXED-LENGTH DATA ELEMENTS--GENERAL INFORMATION |
| fixed length control field |
810317s1981 enk d 000 0 eng |
| 010 ## - LIBRARY OF CONGRESS CONTROL NUMBER |
| LC control number |
81004327 |
| 020 ## - INTERNATIONAL STANDARD BOOK NUMBER |
| International Standard Book Number |
0140511091 (pbk.) |
| 040 ## - CATALOGING SOURCE |
| Original cataloging agency |
DLC |
| Transcribing agency |
DLC |
| Modifying agency |
DLC |
| 041 ## - LANGUAGE CODE |
| Language code of text/sound track or separate title |
eng |
| 043 ## - GEOGRAPHIC AREA CODE |
| Geographic area code |
n-us--- |
| 080 ## - UNIVERSAL DECIMAL CLASSIFICATION NUMBER |
| Universal Decimal Classification number |
349.730321 rob |
| 082 00 - DEWEY DECIMAL CLASSIFICATION NUMBER |
| Classification number |
349.730321 rob |
| Edition number |
19 |
| 100 ## - Rafti |
| Rafti |
23 |
| 101 ## - Shkurtesa |
| Shkurtesa |
gju |
| 245 04 - TITLE STATEMENT |
| Title |
The Plain-language law dictionary / |
| Statement of responsibility, etc |
edited by Robert E. Rothenberg ; Stephen A. Gilbert, assistant editor. |
| 906 ## - LOCAL DATA ELEMENT F, LDF (RLIN) |
| a |
7 |
| b |
cbc |
| c |
orignew |
| d |
1 |
| e |
ocip |
| f |
19 |
| g |
y-gencatlg |
| 942 ## - ADDED ENTRY ELEMENTS (KOHA) |
| Source of classification or shelving scheme |
|
| Item type |
Books |